000 00630nam a2200229Ia 4500
003 OSt
005 20220817093110.0
008 220817b |||||||| |||| 00| 0 eng d
020 _a9780070617292
040 _cIFM Library
082 _a658.404
100 _aChandra, Prasanna
_9560
245 _aProjects; Planning,Analysis,Selection,Financing,Implementation and Review.
250 _a6th ed
260 _aNew Delhi:
260 _bTata McGraw Hill,
260 _c2006
300 _ax. (various pagings) : ill. ; 25 cm.
500 _aIncludes Index
650 _aProject management
_93205
942 _cBK
_2ddc
_e6th ed.
_n0
999 _c6284
_d6284